Catálogo

Metodología de la investigación : (Registro nro. 69545)

Detalles MARC
000 -LEADER
fixed length control field 01111nam a2200289 i 4500
001 - CONTROL NUMBER
control field 69545
003 - CONTROL NUMBER IDENTIFIER
control field Mx-PuUPA
005 - DATE AND TIME OF LATEST TRANSACTION
control field 20230530082509.0
008 - FIXED-LENGTH DATA ELEMENTS--GENERAL INFORMATION
fixed length control field 220530s2016 ck ad||gr|||| 00| 0 spa d
020 ## - INTERNATIONAL STANDARD BOOK NUMBER
International Standard Book Number 9789586993098
040 ## - CATALOGING SOURCE
Original cataloging agency Mx-PuUPA
Language of cataloging rda
Transcribing agency Mx-PuUPA
Modifying agency Mx-PuUPA
Description conventions spa
041 0# - LANGUAGE CODE
Language code of text/sound track or separate title spa
100 1# - MAIN ENTRY--PERSONAL NAME
Personal name Bernal Torres, César Augusto,
Relator term autor
9 (RLIN) 12672
245 10 - TITLE STATEMENT
Title Metodología de la investigación :
Remainder of title administración, economía, humanidades y ciencias sociales /
Statement of responsibility, etc. César Bernal
250 ## - EDITION STATEMENT
Edition statement Cuarta edición
264 #1 - PRODUCTION, PUBLICATION, DISTRIBUTION, MANUFACTURE, AND COPYRIGHT NOTICE
Place of production, publication, distribution, manufacture Colombia :
Name of producer, publisher, distributor, manufacturer Pearson Educación de Colombia,
Date of production, publication, distribution, manufacture, or copyright notice ©2016
300 ## - PHYSICAL DESCRIPTION
Extent xvi, 384 páginas :
Other physical details ilustraciones, gráficas ;
Dimensions 26 cm
336 ## - CONTENT TYPE
Fuente rdacontent
Content type term texto
Content type code txt
337 ## - MEDIA TYPE
Source rdamedia
Media type term sin medio
Media type code n
338 ## - CARRIER TYPE
Source rdacarrier
Carrier type term volumen
Carrier type code nc
650 #7 - SUBJECT ADDED ENTRY--TOPICAL TERM
Source of heading or term armarc
Topical term or geographic name entry element Investigación
General subdivision Metodología
942 ## - ADDED ENTRY ELEMENTS (KOHA)
Source of classification or shelving scheme Dewey Decimal Classification
Koha item type Libro
Classification part 001.42
Item part B482
Existencias
Withdrawn status Lost status Source of classification or shelving scheme Damaged status Not for loan Collection code Home library Current library Shelving location Date acquired Source of acquisition Cost, normal purchase price Total Checkouts Full call number Barcode Date last seen Cost, replacement price Price effective from Koha item type Date last checked out Copy number
    Dewey Decimal Classification     General Biblioteca Karol Wojtyla Biblioteca Karol Wojtyla Sala general 15/04/2024 1 420.00   001.42 B482 2016 102320 05/01/2026 420.00 15/04/2024 Libro    
    Dewey Decimal Classification     General Biblioteca Karol Wojtyla Biblioteca Karol Wojtyla Sala general 15/04/2024 1 420.00 2 001.42 B482 2016 102321 05/01/2026 420.00 15/04/2024 Libro 27/02/2023 Ej.2
    Dewey Decimal Classification     General Biblioteca Karol Wojtyla Biblioteca Karol Wojtyla Sala general 30/05/2023 1 830.00   001.42 B482 2016 103346 05/01/2026 830.00 30/05/2023 Libro   Ej.4
    Dewey Decimal Classification     General Biblioteca Karol Wojtyla Biblioteca Karol Wojtyla Sala general 30/05/2023 1 830.00   001.42 B482 2016 103345 05/01/2026 830.00 30/05/2023 Libro   Ej.3